=LDR 00000nam 2200000 4500 =001 INLIS000000000024960 =005 20130612123516 =008 ***********************************Ind** =035 ##$$0010-061300000024960 =041 ##$$a Ind =082 ##$$a 376.598 =090 ##$$a 376.598, Pri s =100 ##$$a Prijono, Onny S =245 ##$$a Situasi pendidikan di Indonesia selama sepuluh tahun terakhir, Onny S. Prijono =260 ##$$a 1980 $b Jakarta =300 ##$$a 147 hlm, 21 cm =650 ##$$a Pendidikan =850 ##$$a NBPNMAT